American History (Registro nro. 16047)
[ vista simple ]
| 000 -CABECERA | |
|---|---|
| Longitud fija campo de control | 00581nam a22002057a 4500 |
| 001 - NÚMERO DE CONTROL | |
| Número de control | ES-MaREB00391302-7 |
| 003 - IDENTIFICADOR DELl NÚMERO DE CONTROL | |
| Identificador del número de control | OSt |
| 005 - FECHA Y HORA DE LA ÚLTIMA TRANSACCIÓN | |
| Fecha y hora de la última transacción | 20150414145939.0 |
| 008 - CÓDIGOS DE INFORMACIÓN DE LONGITUD FIJA | |
| Códigos de información de longitud fija | 020226s2003 usa g 1vlspa d |
| 020 ## - NÚMERO INTERNACIONAL NORMALIZADO PARA LIBROS | |
| Número Internacional Normalizado para Libros (ISBN) | 0-07-249053-5 |
| 040 ## - FUENTE DE LA CATALOGACIÓN | |
| Centro transcriptor | BMC |
| 082 ## - NÚMERO DE LA CLASIFICACIÓN DECIMAL DEWEY | |
| Númeroo de clasificación | 973 |
| 100 1# - PUNTO DE ACCESO PRINCIPAL-NOMBRE DE PERSONA | |
| 9 (RLIN) | 28756 |
| Nombre de persona | Brinkley, Alan |
| 245 10 - MENCIÓN DE TÍTULO | |
| Título | American History |
| Resto del título | : A survey |
| Mención de responsabilidad, etc. | Alan Brinkley |
| Número de parte o sección de la obra | Volume II |
| Nombre de parte o sección de la obra | Since 1865 |
| 250 ## - MENCIÓN DE EDICIÓN | |
| Mención de edición | 11ª ed |
| 260 ## - PUBLICACIÓN, DISTRIBUCIÓN, ETC. (PIE DE IMPRENTA) | |
| Lugar de publicación, distribución, etc. | Madrid |
| Nombre del editor, distribuidor, etc. | McGraw-Hill |
| Fecha de publicación, distribución, etc. | cop. 2003 |
| 300 ## - DESCRIPCIÓN FÍSICA | |
| Extensión | XXIX, p. [408]-951 |
| Otras características físicas | il. |
| Dimensiones | 27 cm |
| 651 24 - PUNTO DE ACCESO ADICIONAL DE MATERIA - NOMBRE GEOGRÁFICO | |
| 9 (RLIN) | 1264 |
| Nombre geográfico | Estados Unidos |
| Subdivisión de materia general | Historia |
| 942 ## - ENTRADA DE ELEMENTOS AGREGADOS (KOHA) | |
| Fuente de clasificaión o esquema | Dewey Decimal Classification |
| Koha [por defecto] tipo de item | 1- Monografias |
| Parte de clasificación | prozim |
| Suprimido | Perdido | Fuente de clasificación o esquema | Estropeado | Restricciones de uso | No para préstamo | Código de colección | Localización permanente | Localización actual | Localización en estanter&íacute;as | Fecha adquisición | Fuente de adquisición | Número de inventario | Préstamos totales | Signatura completa | Código de barras | Fecha última consulta | Fecha último préstamo | Fecha del precio de reemplazo | Tipo de item de Koha |
|---|---|---|---|---|---|---|---|---|---|---|---|---|---|---|---|---|---|---|---|
| NULL | NULL | Dewey Decimal Classification | NULL | Prestable | NULL | NULL | Biblioteca Miguel de Cervantes - UNICAES | Biblioteca Miguel de Cervantes - UNICAES | Sala Principal | 24/11/2014 | Donación - Embajada Americana | 025076 | 1 | 973 BRI ame | 1025486 | 19/02/2016 | 17/02/2016 | 24/11/2014 | 1- Monografias |
| NULL | NULL | Dewey Decimal Classification | NULL | Prestable | NULL | NULL | Biblioteca Miguel de Cervantes - UNICAES | Biblioteca Miguel de Cervantes - UNICAES | Sala Principal | 22/05/2015 | Donación - Embajada Americana | 029898 | 973 BRJ ame | 1031374 | 22/05/2015 | 22/05/2015 | 1- Monografias | ||
| NULL | NULL | Dewey Decimal Classification | NULL | Prestable | NULL | NULL | Biblioteca Miguel de Cervantes - UNICAES | Biblioteca Miguel de Cervantes - UNICAES | Sala Principal | 22/05/2015 | Donación - Embajada Americana | 029899 | 973 BRI ame | 1031375 | 22/05/2015 | 22/05/2015 | 1- Monografias |